| 000 | 00343nab a22001097u 4500 | ||
|---|---|---|---|
| 008 | 130520b1992 xxu||||| |||| 00| 0 fre d | ||
| 041 | _afre | ||
| 100 | 1 |
_aBühler, Pierre _910824 |
|
| 245 | 0 | 0 |
_aVraiment homme? Une question séculaire _cPierre Bühler |
| 773 | 0 |
_tLumière et Vie _gV.41, nº210,1992,págs. 5-16 _x0024-7359 _wRev261 |
|
| 942 | _cAR | ||
| 999 |
_c318488 _d318488 |
||